000 00330nam a22001337a 4500
008 170817b xxu||||| |||| 00| 0 eng d
020 _a9780030965784
041 _aeng
080 _a51
100 _a36
101 _aMAT
245 _aCLACULUS FROM GRAPHICAL NUMERICAL AND SYMBOLIC POINTS VIEW
_cZORN.O
942 _2udc
_cBK
999 _c23852
_d23852